Python Programming/ (Record no. 3251)

MARC details
000 -LEADER
fixed length control field 00597nam a22001817a 4500
003 - CONTROL NUMBER IDENTIFIER
control field OSt
005 - DATE AND TIME OF LATEST TRANSACTION
control field 20250624031313.0
008 - FIXED-LENGTH DATA ELEMENTS--GENERAL INFORMATION
fixed length control field 250624b |||||||| |||| 00| 0 eng d
020 ## - INTERNATIONAL STANDARD BOOK NUMBER
International Standard Book Number 978-621-427-054-5
040 ## - CATALOGING SOURCE
Original cataloging agency DWCL - Main lib
Transcribing agency OC
082 ## - DEWEY DECIMAL CLASSIFICATION NUMBER
Classification number Fil. 005.133 A116p 2019
100 ## - MAIN ENTRY--PERSONAL NAME
Personal name Abante, Mamerlo V.
245 ## - TITLE STATEMENT
Title Python Programming/
Statement of responsibility, etc. Mamerlo V. Abante
260 ## - PUBLICATION, DISTRIBUTION, ETC.
Place of publication, distribution, etc. Manila :
Name of publisher, distributor, etc. Unlimited books library services & publishing inc.,
Date of publication, distribution, etc. c2019.
300 ## - PHYSICAL DESCRIPTION
Extent iv , 244 pages:
Other physical details illustrations ;
Dimensions 25cm.
650 ## - SUBJECT ADDED ENTRY--TOPICAL TERM
Topical term or geographic name entry element 1. Python( Computer program language.)
942 ## - ADDED ENTRY ELEMENTS (KOHA)
Source of classification or shelving scheme Dewey Decimal Classification
Koha item type Book-Filipiniana
Call number prefix Fil.
Suppress in OPAC No
952 ## - LOCATION AND ITEM INFORMATION (KOHA)
--
952 ## - LOCATION AND ITEM INFORMATION (KOHA)
--
952 ## - LOCATION AND ITEM INFORMATION (KOHA)
--
952 ## - LOCATION AND ITEM INFORMATION (KOHA)
--
Holdings
Withdrawn status Lost status Source of classification or shelving scheme Damaged status Not for loan Home library Current library Shelving location Date acquired Source of acquisition Cost, normal purchase price Total Checkouts Full call number Barcode Date last seen Copy number Price effective from Koha item type Uniform Resource Identifier
    Dewey Decimal Classification     College Library College Library Filipiniana 08/09/2019 School Fund 595.00   Fil. 005.133 A116p 2019 CL52026 06/24/2025 c4 06/24/2025 BK - FIL
    Dewey Decimal Classification     College Library College Library Filipiniana 08/09/2019 School Fund 959.00   Fil. 005.133 A116p 2019 CL52025 06/24/2025 c3 06/24/2025 BK - FIL
    Dewey Decimal Classification     College Library College Library Filipiniana 08/09/2019 School Fund 959.00   Fil. 005.133 A116p 2019 CL52024 06/24/2025 c2 06/24/2025 BK - FIL
    Dewey Decimal Classification     College Library College Library Filipiniana 08/09/2019 School Fund 595.00   Fil. 005.133 A116p 2019 CL52023 06/24/2025 c1 06/24/2025 BK - FIL